000 nam a22 7a 4500
999 _c29021
_d29021
008 170926b xxu||||| |||| 00| 0 eng d
020 _a9966466436
050 _aBD 32 .O55 2011
100 _aOniang'o M.P. Clement
245 _aAn Intruduction to Philosophy
_cClement Oniang'o
260 _aNAIROBI
_bEAST AFRICAN EDUCATIONAL
_c2011
300 _a134p.:
942 _2lcc
_cAFRICANA
_hBD 32 .O55 2011
_015